=LDR 00000nam 2200000 4500 =001 INLIS000000000059926 =005 20211221072342 =035 ##$$a 0010-1221000153 =007 ta =008 211221###########################0#ind## =020 ##$$a 979-3421-67-3 =082 ##$$a R.347.026 =084 ##$$a R.347.026 Ind u =245 ##$$a Undang - Undang No. 4 th 2004 Kekuasaan Kehakiman /$c Indonesia =250 ##$$a cet 2 =300 ##$$a 234 halaman ; $c 20 cm =650 #4$$a Kekuasaan Kehakiman - Undang2 dan Peraturan =264 ##$$a Jakarta :$b Sinar Grafika,$c 2006 =336 ##$$a teks$2 rdacontent =337 ##$$a lain-lain$2 rdamedia =338 ##$$a lain-lain$2 rdacarrier =990 ##$$a 36163616